书目信息 |
| 题名: |
中学英语语法
|
|
| 作者: | 周焕丰 著 | |
| 分册: | ||
| 出版信息: | 长春 吉林人民出版社 1981 |
|
| 页数: | 322页 | |
| 开本: | 19cm | |
| 丛书名: | ||
| 单 册: | ||
| 中图分类: | G634.41 , G633.41 | |
| 科图分类: | ||
| 主题词: | 英语-语法--中学--教学参考资料 , 教育--各级 , 语法-英语--中学--教学参考资料 | |
| 电子资源: | ||
| ISBN: | ||
| 000 | 00711nam0 2200265 45 | |
| 001 | 0181008839 | |
| 005 | 20060810090211.96 | |
| 010 | @dCNY0.81 | |
| 091 | @a7091.1189 | |
| 100 | @a19950614d1981 demy0chiy0121 ea | |
| 101 | 0 | @achi |
| 102 | @aCN@b220000 | |
| 105 | @ay z 000yy | |
| 200 | 10 | @a中学英语语法@Azhong xue ying yu yu fa@f周焕丰著 |
| 210 | @a长春@c吉林人民出版社@d1981 | |
| 215 | @a322页@d19cm | |
| 606 | @a英语-语法@x中学@x教学参考资料 | |
| 606 | 0 | @a教育@x各级 |
| 606 | @a语法-英语@x中学@x教学参考资料 | |
| 690 | @aG634.41@v3 | |
| 690 | @aG633.41 | |
| 701 | 0 | @a周焕丰@Azhou huan feng@4著 |
| 801 | 2 | @aCN@bNLC@c20060810 |
| 801 | 0 | @aCN@b上海图书馆@c20040508 |
| 905 | @dG633.41@e215 | |
| 中学英语语法/周焕丰著.-长春:吉林人民出版社,1981 |
| 322页;19cm |
| ISBN :CNY0.81 |
| ● |
| 相关链接 |
|
|
|
|
正题名:中学英语语法
索取号:G633.41/215
 
预约/预借
| 序号 | 登录号 | 条形码 | 馆藏地/架位号 | 状态 | 备注 |
| 1 | 0040804 | 000251649 | 第四借阅区/ [索取号:G633.41/215] | 在馆 | |
| 2 | 0040807 | 000251630 | 密集书库/ [索取号:G633.41/215] | 在馆 | |
| 3 | 0453821 | 204538214 | 密集书库/ [索取号:G633.41/215] | 在馆 |